[Event "6th EUR-ch (w)"]
[Site "Chisinau MDA"]
[Date "2005.06.15"]
[Round "5"]
[White "Charochkina, Daria"]
[Black "Voicu, Carmen"]
[Result "1-0"]
[WhiteElo "2183"]
[BlackElo "2310"]
[EventDate "2005.06.10"]
[PlyCount "81"]

1.e4 c5 2.Nf3 e6 3.d4 cxd4 4.Nxd4 Nf6 5.Nc3 d6 6.g4 h6 7.Be3 a6 8.Bg2 Nc6 
9.h3 Ne5 10.Qe2 g5 11.O-O-O b5 12.f4 gxf4 13.Bxf4 Nfd7 14.Rhf1 b4 15.Nb1 
Qa5 16.Qf2 Rh7 17.a3 bxa3 18.Nxa3 Rb8 19.Bd2 Qa4 20.Bc3 Be7 21.Nb3 Qc6 22.
Qd4 Nb6 23.Na5 Qc7 24.Bb4 Na4 25.Bxd6 Qxa5 26.Qxe5 Bg5+ 27.Kb1 Rxb2+ 28.
Ka1 Qxe5 29.Bxe5 Rb4 30.Bd6 Rb6 31.Rd4 Bd7 32.Nc4 Rb5 33.e5 Nc3 34.Bb4 
Rxb4 35.Nd6+ Ke7 36.Rxb4 f6 37.Kb2 Na4+ 38.Ka3 fxe5 39.Ne4 Rf7 40.Rxf7+ 
Kxf7 41.Rxa4 1-0

[Event "6th EUR-ch (w)"]
[Site "Chisinau MDA"]
[Date "2005.06.15"]
[Round "5"]
[White "Rohonyan, Kateryna"]
[Black "Zakurdyaeva, Irina"]
[Result "1/2-1/2"]
[WhiteElo "2309"]
[BlackElo "2260"]
[EventDate "2005.06.10"]
[PlyCount "93"]

1.e4 c5 2.Nf3 e6 3.d4 cxd4 4.Nxd4 Nc6 5.Nc3 Qc7 6.g3 a6 7.Bg2 Nf6 8.O-O 
Nxd4 9.Qxd4 Bc5 10.Bf4 d6 11.Qd2 e5 12.Bg5 Be6 13.Bxf6 gxf6 14.Qh6 Ke7 15.
Rad1 Bd4 16.Rd3 Rhg8 17.Re1 Qb6 18.Qd2 Bxc3 19.Rxc3 Rac8 20.Rxc8 Rxc8 21.
b3 Qd4 22.Rd1 Qxd2 23.Rxd2 a5 24.a4 Rc3 25.Kf1 Bg4 26.Ke1 h6 27.h3 Bd7 28.
Re2 b5 29.axb5 Bxb5 30.Rd2 a4 31.bxa4 Bxa4 32.Kd1 Ra3 33.Re2 Bb5 34.Re1 
Bc6 35.Bh1 Ra1+ 36.Kd2 Rxe1 37.Kxe1 f5 38.f3 fxe4 39.fxe4 f5 40.Ke2 Kf6 
41.c4 fxe4 42.Ke3 Bd7 43.Bg2 Be6 44.Bf1 Kf5 45.Be2 Bf7 46.Bf1 Be6 47.Be2 
1/2-1/2

[Event "6th EUR-ch (w)"]
[Site "Chisinau MDA"]
[Date "2005.06.15"]
[Round "5"]
[White "Gaponenko, Inna"]
[Black "Susterman, Anja"]
[Result "1-0"]
[WhiteElo "2482"]
[BlackElo "2250"]
[EventDate "2005.06.10"]
[PlyCount "81"]

1.e4 c5 2.Nf3 Nc6 3.d4 cxd4 4.Nxd4 g6 5.Nc3 Bg7 6.Be3 Nf6 7.Bc4 Qa5 8.O-O 
O-O 9.Bb3 d6 10.h3 Bd7 11.Re1 Rfe8 12.Qd3 Rac8 13.Rad1 Ne5 14.Qe2 Qa6 15.
Qxa6 bxa6 16.f4 Nc4 17.Bxc4 Rxc4 18.e5 dxe5 19.fxe5 Nh5 20.g4 Bxe5 21.gxh5
Bxh3 22.Bf2 f6 23.hxg6 hxg6 24.Rd3 Bg4 25.b3 Rcc8 26.Nd5 Kf7 27.Bg3 Red8 
28.c4 e6 29.Bxe5 fxe5 30.Ne3 Bh5 31.Nc6 Rxd3 32.Nxe5+ Kf6 33.Nxd3 Rd8 34.
Nc5 a5 35.Ng2 e5 36.Ne3 Rd4 37.Nd5+ Kf5 38.Rf1+ Kg4 39.Nf6+ Kg3 40.Nce4+ 
Kh4 41.Kg2 1-0

[Event "6th EUR-ch (w)"]
[Site "Chisinau MDA"]
[Date "2005.06.15"]
[Round "5"]
[White "Skripchenko, Almira"]
[Black "Tarasova, Viktoria"]
[Result "1/2-1/2"]
[WhiteElo "2453"]
[BlackElo "2268"]
[EventDate "2005.06.10"]
[PlyCount "24"]

1.e4 d6 2.d4 Nf6 3.Nc3 g6 4.Be3 Bg7 5.Qd2 c6 6.Nf3 b5 7.Bd3 O-O 8.h3 Qc7 
9.O-O e5 10.dxe5 dxe5 11.Ne2 c5 12.b3 Bb7 1/2-1/2

[Event "6th EUR-ch (w)"]
[Site "Chisinau MDA"]
[Date "2005.06.15"]
[Round "5"]
[White "Sedina, Elena"]
[Black "Galoian, Lilit"]
[Result "1-0"]
[WhiteElo "2422"]
[BlackElo "2256"]
[EventDate "2005.06.10"]
[PlyCount "77"]

1.e4 c5 2.Nf3 Nc6 3.Bb5 g6 4.O-O Bg7 5.c3 Nf6 6.Re1 O-O 7.e5 Nd5 8.d4 cxd4
9.cxd4 d6 10.Nc3 Nxc3 11.bxc3 Bg4 12.exd6 exd6 13.h3 Bxf3 14.Qxf3 Rc8 15.
Bf4 a6 16.Ba4 Na5 17.Qg3 Nc4 18.Re2 d5 19.Rae1 b5 20.Bb3 Qd7 21.Qf3 Nb6 
22.Bg5 Rc6 23.Be7 Rfc8 24.Bc5 Rf6 25.Qg4 Bf8 26.Qg5 Rf5 27.Qd2 Rf6 28.Re5 
Bxc5 29.dxc5 Rxc5 30.Qd4 Rcc6 31.Re8+ Kg7 32.g4 g5 33.h4 h6 34.hxg5 hxg5 
35.R1e5 Kh6 36.Rh8+ Kg6 37.Ree8 Rc8 38.Rhg8+ Kh7 39.Bc2+ 1-0

[Event "6th EUR-ch (w)"]
[Site "Chisinau MDA"]
[Date "2005.06.15"]
[Round "5"]
[White "Calotescu, Ana-Cristina"]
[Black "Zielinska, Marta"]
[Result "0-1"]
[WhiteElo "2268"]
[BlackElo "2419"]
[EventDate "2005.06.10"]
[PlyCount "82"]

1.Nf3 d6 2.d4 Bg4 3.c4 Nd7 4.g3 Bxf3 5.exf3 g6 6.Bg2 Bg7 7.O-O Ngf6 8.f4 
c6 9.d5 Rc8 10.dxc6 bxc6 11.Nc3 O-O 12.Be3 Qc7 13.Rc1 Rb8 14.Rc2 Rfe8 15.
b3 Nc5 16.Bxc5 dxc5 17.Na4 Nd7 18.Qf3 Bd4 19.Rd1 Nf8 20.f5 Red8 21.Re1 Rd6
22.Rce2 Re8 23.Qf4 Qd8 24.Be4 e6 25.Qf3 Qc7 26.Bc2 Red8 27.fxg6 hxg6 28.h4
f5 29.h5 gxh5 30.Qxh5 Qg7 31.Kg2 Ng6 32.Kf1 Nf8 33.Kg2 Qf6 34.Rh1 R8d7 35.
Qh4 Qxh4 36.Rxh4 Rg7 37.Rh6 Ng6 38.Kf1 Kf7 39.f3 Nf4 40.Reh2 Rxg3 41.Rh1 
Rxf3+ 0-1

[Event "6th EUR-ch (w)"]
[Site "Chisinau MDA"]
[Date "2005.06.15"]
[Round "5"]
[White "Andriasian, Siranush"]
[Black "Peng Zhaoqin"]
[Result "0-1"]
[WhiteElo "2263"]
[BlackElo "2392"]
[EventDate "2005.06.10"]
[PlyCount "144"]

1.e4 c5 2.Nf3 e6 3.d4 cxd4 4.Nxd4 Nc6 5.Nc3 Qc7 6.g3 a6 7.Bg2 Nf6 8.O-O 
Be7 9.Kh1 Nxd4 10.Qxd4 d6 11.Bg5 h6 12.Be3 Bd7 13.f4 Bc6 14.f5 e5 15.Qd1 
Rc8 16.Rc1 b5 17.Nd5 Bxd5 18.exd5 O-O 19.c3 Rfe8 20.b3 Qb7 21.c4 Qd7 22.g4
bxc4 23.bxc4 Nh7 24.Qd2 Qa4 25.Qe2 Bg5 26.Bxg5 hxg5 27.f6 Nxf6 28.h4 Qa3 
29.hxg5 Nh7 30.g6 fxg6 31.Qe4 Rf8 32.Qxg6 Rf6 33.Rxf6 Qxc1+ 34.Rf1 Qh6+ 
35.Qxh6 gxh6 36.Rb1 Nf6 37.Rb6 Rxc4 38.Rxd6 Kf7 39.Rxa6 Nxg4 40.Bf3 Nf6 
41.Ra7+ Kg6 42.d6 e4 43.Be2 Rd4 44.Ra6 Kf5 45.Bb5 h5 46.Kg2 Kf4 47.Be2 Rd2
48.Kf1 h4 49.d7 Nxd7 50.Rh6 Ne5 51.Rxh4+ Ke3 52.Rh5 Rxe2 53.Rxe5 Rf2+ 54.
Kg1 Rxa2 55.Re8 Ra1+ 56.Kg2 Ra7 57.Kf1 Rf7+ 58.Ke1 Kf3 59.Ra8 Rb7 60.Rf8+ 
Ke3 61.Kf1 Rb1+ 62.Kg2 Ke2 63.Ra8 Rb2 64.Re8 e3 65.Kg1 Rb7 66.Rg8 Ke1 67.
Ra8 Rg7+ 68.Kh2 e2 69.Re8 Rd7 70.Ra8 Kf2 71.Rf8+ Ke3 72.Re8+ Kd2 0-1

[Event "6th EUR-ch (w)"]
[Site "Chisinau MDA"]
[Date "2005.06.15"]
[Round "5"]
[White "Fakhiridou, Ekaterini"]
[Black "Muzicuk, Anna"]
[Result "1/2-1/2"]
[WhiteElo "2247"]
[BlackElo "2363"]
[EventDate "2005.06.10"]
[PlyCount "94"]

1.e4 c5 2.Nf3 Nc6 3.d4 cxd4 4.Nxd4 Nf6 5.Nc3 e5 6.Ndb5 d6 7.Nd5 Nxd5 8.
exd5 Nb8 9.c4 Be7 10.Bd3 O-O 11.O-O a6 12.Nc3 f5 13.f3 Bg5 14.Qc2 g6 15.
Bxg5 Qxg5 16.Rae1 Nd7 17.Kh1 b6 18.Qf2 Kg7 19.Bc2 Qd8 20.Ba4 b5 21.cxb5 
Nc5 22.Bc2 axb5 23.b4 Nd7 24.Bd3 Ba6 25.Qe2 Qb6 26.Bxb5 Bxb5 27.Qxb5 Qxb5 
28.Nxb5 Rfb8 29.Nxd6 Rxb4 30.Rc1 Nf6 31.Nc4 Nxd5 32.Nxe5 Rxa2 33.Rb1 Rxb1 
34.Rxb1 Kf6 35.Nd3 Rd2 36.Ne1 f4 37.Kg1 h5 38.g3 Ne3 39.gxf4 h4 40.Rb3 Re2
41.Nd3 Rg2+ 42.Kh1 h3 43.Rb6+ Kg7 44.Rb2 Nc2 45.Rb1 Nd4 46.Rb2 Rxb2 47.
Nxb2 Nxf3 1/2-1/2

[Event "6th EUR-ch (w)"]
[Site "Chisinau MDA"]
[Date "2005.06.15"]
[Round "5"]
[White "Olarasu, Gabriela"]
[Black "Czarnota, Dorota"]
[Result "1/2-1/2"]
[WhiteElo "2353"]
[BlackElo "2244"]
[EventDate "2005.06.10"]
[PlyCount "162"]

1.d4 Nf6 2.c4 g6 3.Nc3 Bg7 4.e4 d6 5.Nf3 O-O 6.Be2 e5 7.d5 Na6 8.Be3 c6 9.
Nd2 c5 10.g4 Ne8 11.Rg1 Kh8 12.g5 f5 13.gxf6 Qxf6 14.Nf3 Rb8 15.Qd2 Nac7 
16.O-O-O a6 17.a4 b5 18.cxb5 axb5 19.axb5 Bd7 20.Ng5 Nxb5 21.Nxb5 Bxb5 22.
Ne6 Rg8 23.Bxb5 Rxb5 24.Qe2 Rb4 25.Bd2 Ra4 26.Kc2 Qe7 27.Ra1 Qa7 28.Ng5 
Rf8 29.Rxa4 Qxa4+ 30.Kb1 Nf6 31.Rg3 Kg8 32.Ra3 Qd7 33.Ne6 Rb8 34.f3 Qb7 
35.Bc3 Bh6 36.Qa6 Nxd5 37.Qxb7 Nxc3+ 38.Kc2 Rxb7 39.Ra8+ Kf7 40.Nd8+ Ke7 
41.Nxb7 Nb5 42.Rh8 Kf6 43.Rxh7 Nd4+ 44.Kd3 Bc1 45.Nxd6 Bxb2 46.Ne8+ Kg5 
47.Rh3 Ne6 48.Rg3+ Kh6 49.Nf6 Nf4+ 50.Kc4 Bd4 51.Nd5 Ne6 52.Ne7 Nf4 53.Nc6
g5 54.Rg4 Kh5 55.Ne7 Bf2 56.Nd5 Ne6 57.Rg2 Bd4 58.Ra2 Bg1 59.Ra8 Nd4 60.
Rf8 Ne2 61.Kd3 Nd4 62.Nf6+ Kg6 63.Nd7 Bxh2 64.Nxc5 Bf4 65.Rg8+ Kf7 66.Ra8 
Nxf3 67.Ke2 Nd4+ 68.Kf2 g4 69.Nd3 g3+ 70.Kg2 Nc2 71.Kf3 Nd4+ 72.Kg2 Nc2 
73.Nxf4 exf4 74.Ra2 Ne1+ 75.Kh3 Kf6 76.Re2 Nf3 77.Kg4 Ke5 78.Kxf3 Kd4 79.
e5 g2 80.Rxg2 Kxe5 81.Kf2 Ke4 1/2-1/2

[Event "6th EUR-ch (w)"]
[Site "Chisinau MDA"]
[Date "2005.06.15"]
[Round "5"]
[White "Goreskul, Alyona"]
[Black "Lematschko, Tatjana"]
[Result "1/2-1/2"]
[WhiteElo "2323"]
[BlackElo "2231"]
[EventDate "2005.06.10"]
[PlyCount "117"]

1.e4 g6 2.d4 Bg7 3.Nc3 c6 4.h3 d5 5.Nf3 Nf6 6.exd5 cxd5 7.Be2 O-O 8.O-O 
Nc6 9.Ne5 Be6 10.Nxc6 bxc6 11.Bf3 Qd6 12.Na4 Nd7 13.Be3 f6 14.Qd2 Bf7 15.
Bg4 f5 16.Be2 e5 17.dxe5 Bxe5 18.f4 Bf6 19.Rad1 Rfe8 20.Bf3 Nb6 21.Bc5 Qb8
22.Qb4 Nc4 23.Qxb8 Raxb8 24.b3 Ne3 25.Bxe3 Rxe3 26.Rfe1 Rxe1+ 27.Rxe1 Bd4+
28.Kf1 Re8 29.Rxe8+ Bxe8 30.Ke2 Kf7 31.c3 Bg1 32.Nb2 Ke6 33.Nd3 Bb6 34.b4 
Kd6 35.Kd2 Bd7 36.Ne5 Be6 37.c4 dxc4 38.Kc3 Be3 39.Nxc4+ Bxc4 40.Kxc4 Bxf4
41.a4 Bd2 42.b5 cxb5+ 43.axb5 Ke5 44.Kd3 Bc1 45.Bb7 Kf4 46.Ke2 Kg3 47.Kf1 
Be3 48.Bc6 g5 49.Bd7 Kf4 50.Ke2 Bb6 51.Bc8 h5 52.Bd7 Kg3 53.Kf1 f4 54.Bc6 
g4 55.hxg4 hxg4 56.Bb7 Kh2 57.Bc6 Bd8 58.Bb7 Bg5 59.Bc6 1/2-1/2

[Event "6th EUR-ch (w)"]
[Site "Chisinau MDA"]
[Date "2005.06.15"]
[Round "5"]
[White "Ionica, Iulia-Ionela"]
[Black "Milliet, Sophie"]
[Result "1/2-1/2"]
[WhiteElo "2245"]
[BlackElo "2319"]
[EventDate "2005.06.10"]
[PlyCount "58"]

1.e4 c5 2.Nf3 Nc6 3.d4 cxd4 4.Nxd4 g6 5.Nc3 Bg7 6.Be3 Nf6 7.Bc4 O-O 8.Bb3 
d6 9.h3 Bd7 10.O-O Nxd4 11.Bxd4 Bc6 12.Qd3 e6 13.Rad1 Qe7 14.Rfe1 Rfd8 15.
a4 b6 16.f4 d5 17.e5 Nd7 18.Qe3 Nc5 19.Ra1 Bf8 20.Nd1 Qd7 21.a5 Nxb3 22.
Qxb3 bxa5 23.Qe3 a4 24.Nf2 Bb5 25.Ng4 Qc7 26.Nf6+ Kh8 27.Qf2 Rac8 28.Qh4 
h6 29.c3 Bg7 1/2-1/2

[Event "6th EUR-ch (w)"]
[Site "Chisinau MDA"]
[Date "2005.06.15"]
[Round "5"]
[White "Dolzhikova, Kateryna"]
[Black "Molchanova, Tatiana"]
[Result "1/2-1/2"]
[WhiteElo "2232"]
[BlackElo "2315"]
[EventDate "2005.06.10"]
[PlyCount "83"]

1.e4 c5 2.Nf3 d6 3.d4 cxd4 4.Nxd4 Nf6 5.Nc3 a6 6.f4 g6 7.Be2 Bg7 8.Be3 O-O
9.Bf3 Nbd7 10.O-O e5 11.fxe5 Nxe5 12.Kh1 b5 13.Qe2 Bb7 14.Rad1 Rc8 15.Nd5 
Nfd7 16.c3 Nc5 17.Rfe1 Re8 18.Qc2 Nxf3 19.Nxf3 Rxe4 20.Bg5 Rxe1+ 21.Rxe1 
f6 22.Bxf6 Bxf6 23.Re8+ Kf7 24.Rxd8 Rxd8 25.Nxf6 Kxf6 26.Qf2 Kg7 27.Kg1 
Bxf3 28.Qxf3 Re8 29.Qd5 Re5 30.Qd4 Kf7 31.b4 Ne4 32.Qa7+ Kf6 33.Qxa6 Rd5 
34.h3 Nxc3 35.Qc8 Ne2+ 36.Kf2 Nf4 37.Qh8+ Kf5 38.g4+ Ke4 39.Qe8+ Re5 40.
Qc6+ Rd5 41.Qe8+ Re5 42.Qc6+ 1/2-1/2

[Event "6th EUR-ch (w)"]
[Site "Chisinau MDA"]
[Date "2005.06.15"]
[Round "5"]
[White "Koskoska, Gabriela"]
[Black "Smochina, Carolina"]
[Result "1-0"]
[WhiteElo "2230"]
[BlackElo "2307"]
[EventDate "2005.06.10"]
[PlyCount "79"]

1.e4 c5 2.Nf3 Nc6 3.Bb5 g6 4.Bxc6 dxc6 5.d3 Bg7 6.O-O e5 7.Be3 Qe7 8.Nbd2 
Nf6 9.h3 O-O 10.Nc4 Ne8 11.Qd2 f6 12.a4 Nc7 13.Nh2 g5 14.f3 Rf7 15.Qf2 Bf8
16.h4 h6 17.hxg5 hxg5 18.Ng4 Ne6 19.g3 Rh7 20.Kg2 Bd7 21.Rh1 Rxh1 22.Rxh1 
b5 23.axb5 cxb5 24.Nd2 Nd4 25.c3 Ne6 26.Nf1 a5 27.Bc1 a4 28.Nfe3 Nc7 29.f4
gxf4 30.gxf4 Bxg4 31.Nxg4 Bg7 32.Qh4 exf4 33.Bxf4 Ne6 34.Qh7+ Kf8 35.Bh6 
Ke8 36.Qg8+ Bf8 37.Bxf8 Nxf8 38.Rh7 Qd6 39.Qf7+ Kd8 40.Rh8 1-0

[Event "6th EUR-ch (w)"]
[Site "Chisinau MDA"]
[Date "2005.06.15"]
[Round "5"]
[White "Burtasova, Anna"]
[Black "Ovod, Evgenia"]
[Result "0-1"]
[WhiteElo "2223"]
[BlackElo "2305"]
[EventDate "2005.06.10"]
[PlyCount "98"]

1.Nf3 d5 2.c4 e6 3.e3 Nf6 4.b3 b6 5.Bb2 Bb7 6.Be2 Nbd7 7.O-O Bd6 8.cxd5 
exd5 9.Nc3 a6 10.Nd4 g6 11.f4 O-O 12.Nf3 Qe7 13.Qe1 Ne8 14.Nd1 Ng7 15.Bd3 
f5 16.Be2 Rfe8 17.Ng5 Bxf4 18.Rxf4 Qxg5 19.h4 Qe7 20.h5 g5 21.Rf1 h6 22.
Rc1 Ne5 23.Qg3 c6 24.Nf2 Nf7 25.Nd3 Nd6 26.Ne5 Ne4 27.Qe1 Qd6 28.d3 Nf6 
29.Qc3 Re6 30.Ng4 Nfxh5 31.Nh2 d4 32.Qxd4 Qxd4 33.Bxd4 c5 34.Bxg7 Nxg7 35.
Bf3 Bxf3 36.Rxf3 g4 37.Rf4 Rxe3 38.d4 Rd8 39.dxc5 bxc5 40.Rxc5 Ne6 41.
Rcxf5 Nxf4 42.Rxf4 g3 43.Nf1 Rd1 44.Rf6 Re7 45.Rf3 Rg7 46.Rc3 h5 47.Rc8+ 
Kh7 48.Rf8 Kg6 49.Rf3 h4 0-1

[Event "6th EUR-ch (w)"]
[Site "Chisinau MDA"]
[Date "2005.06.15"]
[Round "5"]
[White "Nebolsina, Vera"]
[Black "Mamedyarova, Turkan"]
[Result "1/2-1/2"]
[WhiteElo "2302"]
[BlackElo "2221"]
[EventDate "2005.06.10"]
[PlyCount "53"]

1.d4 d5 2.Nf3 Nf6 3.c4 e6 4.g3 Be7 5.Bg2 O-O 6.O-O c5 7.cxd5 exd5 8.Nc3 
Nc6 9.Bg5 cxd4 10.Nxd4 Qb6 11.Nb3 Be6 12.Be3 Qb4 13.Rc1 Rfd8 14.Bd4 Ne4 
15.a3 Qd6 16.Nb5 Qd7 17.Be3 a6 18.N5d4 Nxd4 19.Nxd4 Bh3 20.Bxh3 Qxh3 21.
Nf3 Bf6 22.Bd4 Rac8 23.Bxf6 Nxf6 24.Qb3 Qd7 25.Qb6 h6 26.Kg2 Qe6 27.Qxe6 
1/2-1/2

[Event "6th EUR-ch (w)"]
[Site "Chisinau MDA"]
[Date "2005.06.15"]
[Round "5"]
[White "Bogza, Adina"]
[Black "Srebrnic, Ana"]
[Result "1/2-1/2"]
[WhiteElo "2297"]
[BlackElo "2221"]
[EventDate "2005.06.10"]
[PlyCount "108"]

1.d4 Nf6 2.Nf3 g6 3.g3 Bg7 4.Bg2 O-O 5.O-O d6 6.a4 a5 7.Nbd2 Nbd7 8.c3 e5 
9.e4 Re8 10.Qc2 b6 11.Re1 Bb7 12.d5 c6 13.dxc6 Bxc6 14.b4 Qc7 15.Qb3 h6 
16.Bb2 d5 17.Nh4 Qd6 18.Red1 Qe6 19.exd5 Bxd5 20.Bxd5 Qxd5 21.Nc4 Qc6 22.
Nd6 Re6 23.Nxg6 Kh7 24.Nh4 Rxd6 25.Rxd6 Qxd6 26.Qxf7 Qd3 27.Qb3 axb4 28.
Rd1 Qe4 29.cxb4 Rc8 30.Nf3 Qc2 31.Qxc2+ Rxc2 32.Bxe5 Nxe5 33.Nxe5 Ne4 34.
f4 Ra2 35.a5 bxa5 36.bxa5 Rxa5 37.Rd4 Ra1+ 38.Kg2 Ra2+ 39.Kf3 Bxe5 40.Rxe4
Bf6 41.Re2 Ra3+ 42.Kg4 Kg6 43.f5+ Kf7 44.Rf2 Ra8 45.Rc2 Rg8+ 46.Kh5 Rg5+ 
47.Kxh6 Rxf5 48.Rc7+ Be7 49.h4 Rf6+ 50.Kh5 Rf5+ 51.Kg4 Rb5 52.Rd7 Rb4+ 53.
Kh5 Rb5+ 54.Kg4 Ke6 1/2-1/2

[Event "6th EUR-ch (w)"]
[Site "Chisinau MDA"]
[Date "2005.06.15"]
[Round "5"]
[White "Rudolf, Anna"]
[Black "Nill, Jessica"]
[Result "1-0"]
[WhiteElo "2210"]
[BlackElo "2290"]
[EventDate "2005.06.10"]
[PlyCount "141"]

1.e4 c5 2.Nf3 e6 3.c4 Nc6 4.d4 cxd4 5.Nxd4 Nf6 6.Nc3 Bb4 7.Nxc6 bxc6 8.Bd3
e5 9.O-O O-O 10.Be3 d6 11.h3 Nd7 12.Qa4 Bxc3 13.bxc3 Qc7 14.Rfd1 c5 15.Rd2
Nb6 16.Qd1 Be6 17.Qe2 Qc6 18.f4 exf4 19.Bxf4 Rad8 20.Rad1 Rd7 21.e5 dxe5 
22.Bxe5 Rfd8 23.Bxh7+ Kf8 24.Bd3 f6 25.Bf4 Bf7 26.Kh2 Qe6 27.Qf2 Qc6 28.
Qe2 Qe6 29.Qf2 Qc6 30.Bf5 Rxd2 31.Rxd2 Rxd2 32.Qxd2 Nxc4 33.Qd8+ Qe8 34.
Qc7 g5 35.Qxc5+ Kg7 36.Bd3 Nb6 37.Bc7 Nd5 38.Bc4 Qd7 39.Bd6 Qb7 40.Bd3 Qd7
41.c4 Nb6 42.Bf8+ Kg8 43.Bh6 Qc8 44.Qd6 Nd7 45.Bf5 Qb8 46.c5 Qxd6+ 47.cxd6
Be8 48.h4 gxh4 49.Be3 a6 50.Bd4 Kf7 51.Kh3 Nf8 52.Kxh4 Ne6 53.Bc3 Bc6 54.
g4 Nd8 55.Kh5 Ne6 56.Kh6 Nd8 57.Bc8 Bb5 58.d7 Be2 59.g5 fxg5 60.Kxg5 Ne6+ 
61.Kf5 Bd3+ 62.Ke5 Nd8 63.Kd6 Bb5 64.Ba5 Ne6 65.d8=Q Nxd8 66.Bxd8 Ke8 67.
Ba5 Kf7 68.Kc7 Ke7 69.Bb4+ Ke8 70.Be1 Ke7 71.Bh4+ 1-0

[Event "6th EUR-ch (w)"]
[Site "Chisinau MDA"]
[Date "2005.06.15"]
[Round "5"]
[White "Lazo, Xenia"]
[Black "Mamedyarova, Zeinab"]
[Result "0-1"]
[WhiteElo "2001"]
[BlackElo "2286"]
[EventDate "2005.06.10"]
[PlyCount "104"]

1.d4 d5 2.Nf3 e6 3.c4 c5 4.cxd5 exd5 5.Nc3 Nc6 6.g3 Nf6 7.Bg2 Be7 8.O-O 
O-O 9.Bg5 cxd4 10.Nxd4 Qb6 11.Nb3 Be6 12.Bxf6 Bxf6 13.Nxd5 Bxd5 14.Qxd5 
Bxb2 15.Rab1 Ba3 16.Qf3 Rad8 17.Rfd1 Qa6 18.e3 Be7 19.Nd4 Nxd4 20.exd4 b6 
21.Qb3 Bf6 22.d5 Be7 23.Bf1 Qc8 24.Qa4 Qb8 25.Bb5 Bc5 26.Qe4 f5 27.Qe6+ 
Kh8 28.Kg2 a6 29.Bc6 Rf6 30.Qe1 f4 31.Rb2 Qc8 32.Kh1 Rdf8 33.Re2 fxg3 34.
fxg3 Qg4 35.d6 Bxd6 36.Bg2 Qc4 37.Qd2 a5 38.Rc1 Qg4 39.Re4 Qg6 40.Re2 Bc5 
41.Qc2 Qg5 42.Rd1 Rh6 43.Qd3 Qh5 44.Be4 Qh3 45.Rg2 Rhf6 46.g4 Rd6 47.Qe2 
Re6 48.Qd3 Qh4 49.Qc4 Rfe8 50.Bd3 Re1+ 51.Rxe1 Qxe1+ 52.Bf1 Rf8 0-1

[Event "6th EUR-ch (w)"]
[Site "Chisinau MDA"]
[Date "2005.06.15"]
[Round "5"]
[White "Ptacnikova, Lenka"]
[Black "Paulet, Iozefina"]
[Result "0-1"]
[WhiteElo "2277"]
[BlackElo "2051"]
[EventDate "2005.06.10"]
[PlyCount "94"]

1.c4 e5 2.g3 g6 3.Bg2 Bg7 4.Nc3 Nc6 5.e4 d6 6.Nge2 Be6 7.d3 Qd7 8.Nd5 Nce7
9.d4 c6 10.Ne3 Bh3 11.Bxh3 Qxh3 12.d5 Qd7 13.Nc3 f5 14.exf5 gxf5 15.Qh5+ 
Kf8 16.Bd2 Nf6 17.Qe2 Ng6 18.O-O-O f4 19.Nc2 cxd5 20.cxd5 Kf7 21.h4 h5 22.
Qf3 Rac8 23.Rhg1 e4 24.Qe2 f3 25.Qb5 Qe7 26.Bg5 Rc5 27.Qb3 Rhc8 28.Kb1 Qd7
29.Ne3 Ne8 30.Rc1 Bxc3 31.Rxc3 Rxc3 32.bxc3 Ne5 33.Rd1 Nd3 34.Rd2 Qc7 35.
Nd1 a6 36.Be3 b5 37.Bd4 Qd7 38.Nb2 Nxb2 39.Rxb2 Nc7 40.Rd2 Qf5 41.Be3 Ne8 
42.Kb2 Nf6 43.Bf4 Ng4 44.Qc2 Qf6 45.Rd4 Qxd4 46.cxd4 Rxc2+ 47.Kxc2 e3 0-1

[Event "6th EUR-ch (w)"]
[Site "Chisinau MDA"]
[Date "2005.06.15"]
[Round "5"]
[White "Alexanian, Nelli"]
[Black "Moser, Eva"]
[Result "0-1"]
[WhiteElo "2211"]
[BlackElo "2422"]
[EventDate "2005.06.10"]
[PlyCount "110"]

1.d4 Nf6 2.c4 g6 3.Nc3 d5 4.cxd5 Nxd5 5.e4 Nxc3 6.bxc3 Bg7 7.Bc4 O-O 8.Ne2
c5 9.O-O Nc6 10.Be3 Bd7 11.Rb1 a6 12.Bd3 Qc7 13.f4 e6 14.dxc5 Rfc8 15.Kh1 
Na5 16.Qe1 Bf8 17.Bd4 Bxc5 18.Qh4 Bxd4 19.cxd4 Qd8 20.Qh6 Qf8 21.Qh3 b5 
22.f5 exf5 23.exf5 g5 24.Qg3 f6 25.Nf4 Qd6 26.Be4 Bc6 27.d5 Be8 28.Rbe1 
Nc4 29.Bd3 Ne5 30.Bb1 b4 31.Ne6 Rc3 32.Re3 Rac8 33.Bd3 h6 34.h4 Nc4 35.
Qxd6 Nxd6 36.hxg5 hxg5 37.Rfe1 a5 38.Nd4 Bf7 39.Nc6 Kf8 40.Nxa5 Bxd5 41.
Nb3 Bxb3 42.axb3 Rxb3 43.Rh3 Nf7 44.Ra1 Rd8 45.Bc4 Rxh3+ 46.gxh3 Ne5 47.
Be6 Rb8 48.Ra7 b3 49.Rh7 Rb4 50.Rh8+ Ke7 51.Rh7+ Kd6 52.h4 b2 53.Ba2 Rxh4+
54.Rxh4 gxh4 55.Kg2 Nc4 0-1

[Event "6th EUR-ch (w)"]
[Site "Chisinau MDA"]
[Date "2005.06.15"]
[Round "5"]
[White "Jackova, Jana"]
[Black "Foisor, Sabina-Francesca"]
[Result "1-0"]
[WhiteElo "2406"]
[BlackElo "2210"]
[EventDate "2005.06.10"]
[PlyCount "147"]

1.e4 e6 2.d4 d5 3.Nc3 Bb4 4.e5 c5 5.a3 Bxc3+ 6.bxc3 Qa5 7.Bd2 Qa4 8.Qg4 g6
9.Qd1 b6 10.Nf3 Ba6 11.Bxa6 Qxa6 12.h4 h5 13.a4 Nd7 14.Qb1 Qc4 15.Qb5 Ne7 
16.Ng5 Rd8 17.Qxc4 dxc4 18.Ne4 Nf5 19.Be3 O-O 20.Ke2 Rc8 21.g3 f6 22.f4 
Kg7 23.Bf2 Rc7 24.Rhd1 cxd4 25.cxd4 Ne7 26.c3 Nd5 27.Kd2 Nb8 28.exf6+ Kf7 
29.Re1 Rc6 30.Ng5+ Kxf6 31.Nh7+ Kf7 32.Nxf8 Kxf8 33.Kc2 Kf7 34.Rab1 a6 35.
Rg1 Nd7 36.g4 N7f6 37.gxh5 gxh5 38.Be1 Ng4 39.Bd2 Kf6 40.Kd1 Kf5 41.Ke2 
Rc8 42.Kf3 Rg8 43.Rg2 Rg7 44.Re1 Rg6 45.Rge2 Rf6 46.Re5+ Nxe5+ 47.Rxe5+ 
Kg6 48.Rg5+ Kf7 49.Rxh5 b5 50.axb5 axb5 51.Rh7+ Kg6 52.Rb7 b4 53.cxb4 c3 
54.Bc1 c2 55.Ke2 Nxf4+ 56.Kd2 Nd5 57.Kxc2 Rf2+ 58.Kd3 Rh2 59.Bg5 Rh3+ 60.
Kc4 Rc3+ 61.Kb5 Kf5 62.Be7 Rh3 63.Kc6 Ke4 64.b5 Kxd4 65.Bc5+ Kc4 66.Rh7 e5
67.Rh5 Nf6 68.Rxe5 Rxh4 69.Be7 Rf4 70.b6 Nd5 71.Rxd5 Rf7 72.b7 Rxe7 73.
b8=Q Re6+ 74.Rd6 1-0

[Event "6th EUR-ch (w)"]
[Site "Chisinau MDA"]
[Date "2005.06.15"]
[Round "5"]
[White "Repkova, Eva"]
[Black "Sirotkina, Nina"]
[Result "0-1"]
[WhiteElo "2392"]
[BlackElo "2206"]
[EventDate "2005.06.10"]
[PlyCount "92"]

1.e4 c5 2.b3 Nc6 3.Bb2 e5 4.Bb5 Nd4 5.Bc4 d6 6.Ne2 Nf6 7.Nxd4 cxd4 8.Qe2 
Be7 9.c3 dxc3 10.Nxc3 O-O 11.O-O Be6 12.Rac1 Rc8 13.Bxe6 fxe6 14.Qe3 Nd7 
15.Ne2 Nc5 16.d4 Bg5 17.f4 exf4 18.Qf3 Na6 19.Qg4 Nc7 20.Nxf4 Qe7 21.g3 
Bxf4 22.Rxf4 Rxf4 23.gxf4 Rf8 24.Qg5 Qf7 25.Rf1 h6 26.Qg3 d5 27.Ba3 Rc8 
28.Rc1 Rd8 29.e5 Nb5 30.Bb2 a6 31.a4 Na7 32.Ba3 Nc6 33.Bc5 Qf5 34.Kf2 Rd7 
35.Kg1 Rf7 36.Rf1 Qe4 37.Qf3 Qf5 38.Kg2 Kh7 39.Qh3 Qe4+ 40.Qf3 Rxf4 41.
Qxe4+ Rxe4 42.Rf7 b5 43.axb5 axb5 44.Bf8 Kg8 45.Rc7 Nxd4 46.Bxg7 Rg4+ 0-1

[Event "6th EUR-ch (w)"]
[Site "Chisinau MDA"]
[Date "2005.06.15"]
[Round "5"]
[White "Baskite, Viktoria"]
[Black "Makropoulou, Marina"]
[Result "0-1"]
[WhiteElo "2205"]
[BlackElo "2285"]
[EventDate "2005.06.10"]
[PlyCount "107"]

1.c4 e5 2.g3 Nc6 3.Bg2 d6 4.d3 g6 5.Nc3 Bg7 6.e4 Be6 7.Nge2 Qd7 8.Be3 Nd4 
9.Bxd4 exd4 10.Nb5 c5 11.Qa4 Ke7 12.Qa5 Nh6 13.Nf4 Rhd8 14.O-O Ng4 15.Nc7 
b6 16.Ncd5+ Kf8 17.Qd2 Kg8 18.b4 Ne5 19.b5 Rf8 20.a4 h6 21.h4 g5 22.hxg5 
hxg5 23.Nh5 Bxd5 24.Nxg7 f6 25.Nf5 Be6 26.f4 Nf7 27.fxg5 Nxg5 28.Qf4 Bxf5 
29.exf5 Rae8 30.Bd5+ Kg7 31.Qg4 Re3 32.Rf3 Rxf3 33.Bxf3 Qe8 34.Be4 Rh8 35.
a5 d5 36.axb6 axb6 37.Ra7+ Kh6 38.cxd5 Qh5 39.Qh4 Qxh4 40.gxh4 Nxe4 41.
dxe4 Kh5 42.Rf7 Kg4 43.Rxf6 Kf3 44.d6 Kxe4 45.d7 Rd8 46.Rf7 c4 47.f6 c3 
48.Re7+ Kf3 49.f7 c2 50.Re1 d3 51.Rf1+ Ke3 52.f8=Q Rxf8 53.Rxf8 c1=Q+ 54.
Rf1 0-1

[Event "6th EUR-ch (w)"]
[Site "Chisinau MDA"]
[Date "2005.06.15"]
[Round "5"]
[White "Meshcheriakova, Evgenia"]
[Black "Eidelson, Rakhil"]
[Result "1/2-1/2"]
[WhiteElo "2193"]
[BlackElo "2268"]
[EventDate "2005.06.10"]
[PlyCount "59"]

1.e4 c5 2.Nf3 Nc6 3.Nc3 d6 4.d4 cxd4 5.Nxd4 Nf6 6.Bc4 Bd7 7.O-O g6 8.Nd5 
Bg7 9.c3 Nxd5 10.Nxc6 Bxc6 11.exd5 Bd7 12.Re1 O-O 13.Bg5 Re8 14.Qd2 Qc7 
15.Bb3 a5 16.a3 a4 17.Ba2 Bf5 18.Re2 e5 19.dxe6 Bxe6 20.Rae1 Qd7 21.Bxe6 
Rxe6 22.Bf4 Bf8 23.Qd5 Rae8 24.Re3 Qc6 25.Rd1 Qa6 26.h3 Rxe3 27.Bxe3 Re5 
28.Qd3 Qc6 29.Bf4 Re6 30.Kf1 1/2-1/2

[Event "6th EUR-ch (w)"]
[Site "Chisinau MDA"]
[Date "2005.06.15"]
[Round "5"]
[White "Szczepkowska, Karina"]
[Black "Khudaverdieva, Afag"]
[Result "1-0"]
[WhiteElo "2264"]
[BlackElo "2187"]
[EventDate "2005.06.10"]
[PlyCount "107"]

1.e4 e6 2.d4 d5 3.Nd2 Nf6 4.e5 Nfd7 5.Bd3 c5 6.c3 Nc6 7.Ne2 cxd4 8.cxd4 f6
9.exf6 Nxf6 10.Nf3 Bd6 11.O-O O-O 12.Bf4 Bxf4 13.Nxf4 Ne4 14.g3 Qf6 15.h4 
h6 16.Ne5 Nxd4 17.Ng4 Qd8 18.Bxe4 dxe4 19.Nxh6+ gxh6 20.Qg4+ Kh7 21.Qg6+ 
Kh8 22.Qxh6+ Kg8 23.Qg6+ Kh8 24.Qxe4 Rxf4 25.gxf4 Nf5 26.Rfd1 Qe8 27.Qe5+ 
Kh7 28.Qc7+ Ng7 29.Rd3 e5 30.Rg3 Qf8 31.fxe5 Be6 32.Qxb7 Rb8 33.Qe4+ Bf5 
34.Qe2 Rb4 35.Rc1 Re4 36.Qd2 Qe7 37.Qd6 Rxe5 38.Qxe7 Rxe7 39.Rgc3 Re4 40.
Rc4 Re2 41.Rc7 Rxb2 42.Rxa7 Kh6 43.Ra5 Be4 44.Re1 Bb1 45.a4 Nf5 46.Rb5 
Rxb5 47.axb5 Bd3 48.b6 Ba6 49.Ra1 Bb7 50.Ra7 Nd6 51.Kh2 Kh5 52.Kg3 Bc6 53.
Rc7 Bb7 54.Kf4 1-0